Somewhere among / (Record no. 1486)

MARC details
000 -LEADER
fixed length control field 01592cam a2200421 i 4500
005 - DATE AND TIME OF LATEST TRANSACTION
control field 20230828151059.0
020 ## - INTERNATIONAL STANDARD BOOK NUMBER
International Standard Book Number 9781481437868 (hardback)
020 ## - INTERNATIONAL STANDARD BOOK NUMBER
International Standard Book Number 9781481437875 (paperback)
020 ## - INTERNATIONAL STANDARD BOOK NUMBER
Canceled/invalid ISBN 9781481437882 (eBook)
020 ## - INTERNATIONAL STANDARD BOOK NUMBER
International Standard Book Number 9781338132557
040 ## - CATALOGING SOURCE
Original cataloging agency DLC
Language of cataloging eng
Transcribing agency DLC
Description conventions rda
Modifying agency DLC
-- FISKH
050 00 - LIBRARY OF CONGRESS CALL NUMBER
Classification number PZ7.5.D66
Item number Som 2016
082 00 - DEWEY DECIMAL CLASSIFICATION NUMBER
Classification number [Fic]
Edition number 23
100 1# - MAIN ENTRY--PERSONAL NAME
Personal name Donwerth-Chikamatsu, Annie,
Relator term author.
245 10 - TITLE STATEMENT
Title Somewhere among /
Statement of responsibility, etc. Annie Donwerth-Chikamatsu.
250 ## - EDITION STATEMENT
Edition statement First Scholastic printing, September 2016
260 ## - PUBLICATION, DISTRIBUTION, ETC.
Place of publication, distribution, etc. New York :
Name of publisher, distributor, etc. Scholastic,
Date of publication, distribution, etc. 2016
300 ## - PHYSICAL DESCRIPTION
Extent 441 pages :
Other physical details illustrations ;
Dimensions 22 cm
500 ## - GENERAL NOTE
General note "A Caitlyn Dlouhy Book."
505 ## - FORMATTED CONTENTS NOTE
Formatted contents note O
520 ## - SUMMARY, ETC.
Summary, etc. Eleven-year-old Emma's life in Tokyo changes for the worse when she and her American mother, who is pregnant, must move in with her Japanese grandmother the summer before 9/11 changes the world.
521 1# - TARGET AUDIENCE NOTE
Target audience note 840 <br/>
Source Lexile
521 1# - TARGET AUDIENCE NOTE
Target audience note O <br/>
Source Raz-Plus
650 #1 - SUBJECT ADDED ENTRY--TOPICAL TERM
Topical term or geographic name entry element Family life
Geographic subdivision Japan
Form subdivision Fiction.
650 #1 - SUBJECT ADDED ENTRY--TOPICAL TERM
Topical term or geographic name entry element Belonging
Form subdivision Fiction.
650 #1 - SUBJECT ADDED ENTRY--TOPICAL TERM
Topical term or geographic name entry element Racially mixed people
Form subdivision Fiction.
650 #1 - SUBJECT ADDED ENTRY--TOPICAL TERM
Topical term or geographic name entry element Grandmothers
Form subdivision Fiction.
650 #1 - SUBJECT ADDED ENTRY--TOPICAL TERM
Topical term or geographic name entry element Pregnancy
Form subdivision Fiction.
650 #1 - SUBJECT ADDED ENTRY--TOPICAL TERM
Topical term or geographic name entry element September 11 Terrorist Attacks, 2001
Form subdivision Fiction.
650 #1 - SUBJECT ADDED ENTRY--TOPICAL TERM
Topical term or geographic name entry element Novels in verse.
650 #7 - SUBJECT ADDED ENTRY--TOPICAL TERM
Topical term or geographic name entry element JUVENILE FICTION / People & Places / Asia.
Source of heading or term bisacsh
650 #7 - SUBJECT ADDED ENTRY--TOPICAL TERM
Topical term or geographic name entry element JUVENILE FICTION / Stories in Verse.
Source of heading or term bisacsh
650 #7 - SUBJECT ADDED ENTRY--TOPICAL TERM
Topical term or geographic name entry element JUVENILE FICTION / Family / New Baby.
Source of heading or term bisacsh
906 ## - LOCAL DATA ELEMENT F, LDF (RLIN)
a 7
b cbc
c orignew
d 1
e ecip
f 20
g y-gencatlg
942 ## - ADDED ENTRY ELEMENTS (KOHA)
Source of classification or shelving scheme Dewey Decimal Classification
Koha item type Books
Suppress in OPAC No
999 ## -
-- 1486
-- 1486
Holdings
Withdrawn status Lost status Source of classification or shelving scheme Damaged status Not for loan Collection Home library Current library Shelving location Date acquired Total Checkouts Full call number Barcode Date last seen Date last checked out Price effective from Koha item type
    Library of Congress Classification     Fiction Footprints International School Library Network Toul Kork Campus Footprints International School Library Network Toul Kork Campus A TK Campus, 4th Floor, Room B401, Fiction Bookcases (1-6) 08/28/2023 1 DON Fic PZ7.D66 FISTK05430 04/02/2025 03/27/2025 08/28/2023 Books